Name the Numbers Quiz Stats

Quiz not verified by Sporcle

Also try: 'H' Blitz
Challenge
Share
Tweet
Embed
Score 0/20 Timer 10:00
0 Plays Today
Number of What Number % Correct
...of Deadly Sins7
94%
...of U.S. States50
92.5%
...of Main Characters in 'The Brady Bunch'9
92.5%
...of Colors in the Rainbow7
91%
...of Days in the Year365
88.1%
...of Questions on This Quiz20
88.1%
..of Original Members left in 'The Who'2
86.6%
...of Presidents of the United States44
85.1%
...of Iphone Types4
82.1%
...of Teeth in the Average Human32
79.1%
Number of What Number % Correct
...of U2 Albums15
59.7%
...of Countries/Territories in South America14
50.7%
...of Bones in an Adult's Body206
49.3%
...of Countries/Territories in Europe53
40.3%
...of Countries/Territories in Africa58
40.3%
...of Countries/Territories in Oceania35
35.8%
...of Countries/Territories in North America41
34.3%
...of Countries/Territories in Asia59
29.9%
...of Countries/Territories in the World264(4 CountriesTerritories in Antarctica)
19.4%
...of Seconds in a Year31,556,952
1.5%

You're not logged in!

Compare scores with friends on all Sporcle quizzes.
Sign Up with Email
OR
Log In

You Might Also Like...

Show Comments

Extras

Top Quizzes Today


Score Distribution

Your Account Isn't Verified!

In order to create a playlist on Sporcle, you need to verify the email address you used during registration. Go to your Sporcle Settings to finish the process.

Report this User

Report this user for behavior that violates our Community Guidelines.

Details: